00369nam a2200133Ia 4500008004100000020001500041041001200056082001600068100001600084245007400100260003800174300000800212650001500220221030s9999 xx 000 0 und d a8125907777 aEnglish a105.23bPat aB. M. Patel 0aProject Management Strategic Financial Planning, Evaluation & Control bVikas PUb. HouseaNew Delhic2000 a666 aManagement